Normal view
MARC view
Entry Personal Name
001 - CONTROL NUMBER
- control field: 7517
003 - CONTROL NUMBER IDENTIFIER
- control field: BD-RjUL
005 - DATE AND TIME OF LATEST TRANSACTION
- control field: 20230517120543.0
008 - FIXED-LENGTH DATA ELEMENTS
- fixed length control field: 230517|| aca||aabn | a|a d
040 ## - CATALOGING SOURCE
- Original cataloging agency: BD-RjUL
- Transcribing agency: BD-RjUL
100 ## - HEADING--PERSONAL NAME
- Personal name: Boudry, Pierre
670 ## - SOURCE DATA FOUND
- Source citation: Work cat.: (BD-RjUL)81400: Beaumont, A. R. (Andy R.) 7514, Biotechnology and genetics in fisheries and aquaculture /, 2010.